|
|
|
|
| LEADER |
00000ckm a2200000 a 4500 |
| 001 |
vtls001450045 |
| 003 |
SK-MaSNL |
| 005 |
20260331204405.0 |
| 007 |
kf co |
| 008 |
200701q2003 xo g 0kuslo |
| 015 |
|
|
|a SNBG2003/01-00549
|
| 035 |
|
|
|a SNK000405331
|
| 040 |
|
|
|a SNK
|b slo
|c SNK
|e AACR2
|
| 041 |
0 |
|
|a slo
|
| 043 |
|
|
|a e-xo---
|
| 044 |
|
|
|a xo
|c SK
|
| 072 |
|
7 |
|a 913
|x Regionálna geografia
|2 konspekt
|
| 080 |
|
|
|a 913.437.672(084.121)
|2 1981
|
| 080 |
|
|
|a 913(437.6)
|2 2011
|
| 080 |
|
|
|a 904(084.121)
|2 2011
|
| 100 |
1 |
|
|a Tarábek, Ján,
|d 1978-
|4 pht
|9 178454
|
| 245 |
1 |
0 |
|a Bardejov - starobylé mesto v údolí Tople v Ondavskej vrchovine
|h grafika
|c foto Ján Tarábek
|
| 246 |
1 |
|
|i Názov na obrazovej časti:
|a Bardejov
|
| 260 |
|
|
|a [Nitra]
|b FOTAR
|c [2003?]
|e Skalica
|f Grafobal
|
| 300 |
|
|
|a 1 pohľadnica (5 čiastkových pohľadov)
|b farebná
|c 11 × 15 cm
|
| 500 |
|
|
|a Na adresnej časti uvedené: "FOTO © Ing. Ján Tarábek"
|
| 500 |
|
|
|a Rok vydania určený na základe prírastkového čísla
|
| 500 |
|
|
|a Na adresnej časti uvedené telefónne číslo a e-mail vydavateľstva
|
| 500 |
|
|
|a Na adresnej časti uvedené: "Bardejov - starobylé mesto v údolí Tople v Ondavskej vrchovine. Historické jadro mesta je pamiatkovou rezerváciou."
|
| 520 |
8 |
|
|a Zobrazenie:
|
| 651 |
|
7 |
|a Bardejov (Slovensko)
|2 SNKPHgeo
|9 20040
|
| 655 |
|
7 |
|a miestne pohľadnice
|2 SNKPH
|9 70510
|
| 655 |
|
7 |
|a pohľadnice kultúrnych pamiatok
|2 SNKPH
|9 70523
|
| 958 |
|
|
|a GBN
|
| 958 |
|
|
|a OND
|
| 958 |
|
|
|a GC
|
| 999 |
|
|
|c 557021
|d 558951
|
| 952 |
|
|
|t P60, <03>, [BOOK], {603}
|a SNK
|b SNK
|y PREZ
|7 0
|p 17A1280974
|o snkSP 151630
|i snkPV 107/2003
|0 0
|1 0
|4 0
|d 2003-02-20
|l 0
|r 2005-01-02 00:00:00
|w 2026-02-23
|
| 952 |
|
|
|t P60, <04>, [BOOK], {604}
|a SNK
|b SNK
|y PREZ
|7 0
|p 17A1280973
|o snkSP 151630 D1
|i snkPV 108/2003
|0 0
|1 0
|4 0
|d 2003-02-20
|l 0
|r 2005-01-02 00:00:00
|w 2026-02-23
|